000 00842nam a2200193 a 4500
001 000047711
005 20201002060707.0
008 110429s2014 dr ad r 001 0 spa d
040 _aDO-SdBNP
_bspa
_cBNPHU
082 _a378.7293
_bR426m, 2014
110 1 _aRepública Dominicana.
_bMinisterio de Educación Superior, Ciencia y Tecnología
_956809
245 1 0 _aMemorias MESCyT enero-diciembre 2013 /
_cresponsables Ligia Amada Melo de Cardona, Rafael González.
260 _aSanto Domingo :| :
_bMESCYT,
_c2014.
300 _a170 p. :
_bil., gráfcs. ;
_c28 cm.
590 _aInventariado, 2018/ VM
650 4 _aEducación superior
_zRepública Dominicana
_xMemorias e informes
_956810
650 4 _aInstituciones públicas
_zRepública Dominicana
_917927
651 4 _aRepública Dominicana
_xAdministración Pública
_xMemorias E Informes
_91286
999 _c47199
_d47199